Lies (people believe) About Animals / (Record no. 4997)

MARC details
000 -LEADER
fixed length control field 00854nam a22002417a 4500
001 - CONTROL NUMBER
control field 4997
003 - CONTROL NUMBER IDENTIFIER
control field FISKH
005 - DATE AND TIME OF LATEST TRANSACTION
control field 20241031111834.0
008 - FIXED-LENGTH DATA ELEMENTS--GENERAL INFORMATION
fixed length control field 241031b cb ||||| |||| 00| 0 eng d
020 ## - INTERNATIONAL STANDARD BOOK NUMBER
International Standard Book Number 0807545309
040 ## - CATALOGING SOURCE
Original cataloging agency FISKH
Language of cataloging eng
Transcribing agency FISKH
Modifying agency FISKH
050 ## - LIBRARY OF CONGRESS CALL NUMBER
Classification number QL49.S845
082 ## - DEWEY DECIMAL CLASSIFICATION NUMBER
Classification number 590
100 ## - MAIN ENTRY--PERSONAL NAME
Personal name Sussman, Susan
245 ## - TITLE STATEMENT
Title Lies (people believe) About Animals /
Statement of responsibility, etc. by Susan Sussman and Robert James : Photograph by Fred Leavitt
260 ## - PUBLICATION, DISTRIBUTION, ETC.
Place of publication, distribution, etc. Niles :
Name of publisher, distributor, etc. Albert Whitman & Company ;
Date of publication, distribution, etc. 1987.
300 ## - PHYSICAL DESCRIPTION
Extent 47 pages :
Other physical details illustrations ;
Dimensions 29 cm .
520 ## - SUMMARY, ETC.
Summary, etc. Presents commonly held beliefs abouts bats, tarantulas, snakes, porcupines, and other animals and then explains the surprising truths.
650 ## - SUBJECT ADDED ENTRY--TOPICAL TERM
Topical term or geographic name entry element animals-Miscelllanea
Form subdivision Juvenile Literature
700 ## - ADDED ENTRY--PERSONAL NAME
Personal name Leavitt, Fred
Relator term Photographer
942 ## - ADDED ENTRY ELEMENTS (KOHA)
Source of classification or shelving scheme Dewey Decimal Classification
Koha item type Books
Suppress in OPAC No
Holdings
Withdrawn status Lost status Source of classification or shelving scheme Damaged status Not for loan Collection Home library Current library Shelving location Date acquired Total Checkouts Full call number Barcode Date last seen Price effective from Koha item type
    Dewey Decimal Classification     Non-Fiction Footprints International School Library Network Toul Kork Campus Footprints International School Library Network Toul Kork Campus TTP Secondary Non-Fiction Bookshelves 10/31/2024   SUS 590 QL49.S845 FIS01562 10/31/2024 10/31/2024 Books